Historia comparada de las Américas : (Registro nro. 13070)

Detalles MARC
000 -LIDER
fixed length control field 00915nam a2200265 4500
001 - NÚMERO DE CONTROL
Identificador de número de control
003 - IDENTIFICACDOR DE NÚMERO DE CONTROL
control field DO-SdBNP
005 - DATE AND TIME OF LATEST TRANSACTION
control field 20230123083000.0
008 - ELEMENTOS DE LONGITUD FIJA
fixed length control field 100720s2010 mx 000 0 spa d
020 ## - ISBN
International Standard Book Number 9786070302084
040 ## - FUENTE DE CATALOGACIÓN
Agencia que crea de manera original el registro BNPHU
Idioma de catalogación spa
Agencia que realiza la transcripción BPMSU
049 ## - LOCAL HOLDINGS (OCLC)
Holding library
082 ## - NÚMERO DE CLASIFICACIÓN DECIMAL DE DEWEY
Classification number 980.02
Item number H673c 2010
Edition number 22
245 00 - MENCIÓN DE TITULO
Título Historia comparada de las Américas :
Subtítulo sus procesos independentistas /
Mención de responsabilidad Robert S. Barker ... [et al.] ; Patricia Galeana, coordinadora.
260 ## - PUBLICACIÓN, DISTRIBUCIÓN, ETC. (PIE DE IMPRENTA)
Lugar de publicación, distribución, etc Méxcio D.F. :
Nombre del editor, distribuidor, etc. Siglo XXI Editores
Fecha de publicación, distribución, etc 2010
300 ## - DESCRIPCIÓN FÍSICA
Extensión 781 p. ;
Dimensiones 24 cm.
500 ## - NOTA GENERAL
Nota general Incluye referencias bibliográficas y notas al pie de las páginas
590 ## - NOTA LOCAL
Enlace Inventariado, 2022/VM
651 #4 - ENCABEZAMIENTO DE MATERIA--NOMBRE GEOGRÁFICO
Nombre geográfico América
Subdivisión temática general Historia
Subdivisión cronológica Guerras de independencia, 1806-1830.
651 #4 - ENCABEZAMIENTO DE MATERIA--NOMBRE GEOGRÁFICO
Nombre geográfico América
Subdivisión temática general Política y gobierno.
700 1# - ASIENTO SECUNDARIO -- NOMBRE PERSONAL
Nombre personal Galeana, Patricia,
Fechas asociadas con el nombre 1946-
700 1# - ASIENTO SECUNDARIO -- NOMBRE PERSONAL
Nombre personal Barker, Robert S,
Fechas asociadas con el nombre 1941-
910 ## - VALIDACIÓN
Validación VMateo V. /Validado
942 ## - ADDED ENTRY ELEMENTS (KOHA)
Source of classification or shelving scheme Dewey Decimal Classification
Koha item type Libros
Existencias
Withdrawn status Lost status Source of classification or shelving scheme Damaged status Not for loan Collection code Home library Current library Date acquired Full call number Barcode Date last seen Price effective from Koha item type
    Dewey Decimal Classification     Colección General Biblioteca Pública Metropolitana Salomé Ureña Biblioteca Pública Metropolitana Salomé Ureña 11/24/2017 BPMSU CD 980.02 H673c 2010 BPMSU17110397 11/24/2017 11/24/2017 Libros